| 000 | 00728nam a22002175i 4500 | ||
|---|---|---|---|
| 001 | 168918 | ||
| 003 | ES-MaACL | ||
| 005 | 20230906213928.0 | ||
| 008 | 080625s1987 sp |||| | spa d | ||
| 020 | _a84-404-0111-6 | ||
| 080 | _a821.134.2 Feria, Luis 1.07 | ||
| 100 | 1 |
_aAlvarez de la Rosa, Antonio. _9138045 |
|
| 245 | 1 | 0 |
_aLuis Feria _b: aspectos de la ensoñación poética / _cAntonio Alvarez de la Rosa. |
| 260 |
_aLas Palmas de Gran Canaria : _bAlegranza, _c1987. |
||
| 300 |
_a16 p. ; _c20 cm. |
||
| 490 | 1 |
_aAlegranza viva ; _v8 |
|
| 600 | 1 | 4 |
_aFeria, Luis- _xCrítica e interpretación. _9138046 |
| 830 | 0 |
_aAlegranza viva ; _v8 _9188826 |
|
| 852 |
_aES-MaACL _j2203-F-1 _9R.116087 |
||
| 999 |
_c168918 _d168918 |
||